00606cam a2200157Ia 4500020001800000020001800018040001000036082002600046100001900072245005200091250001200143260020500155300003400360650003400394700002000428 a9780415665568 a9789388305822 cBTCTA aAYV EAM 2022 A035 Or.1 aAnjaneyulu, Y.00aEnvironmental impact assessment methodologies / a2nd ed. aHyderabad, India :bBS Publications ;aLeiden, Netherlands :bDistributed outside India, Pakistan, Nepal, Myanmar, Bhutan, Bangladesh and Sri Lanka by CRC Press/Balkema, Taylor & Francis Group,c2011. axiv, 428 p. :bill. ;c25 cm. 0aEnvironmental impact analysis1 aManickam, Valli